[Event "The Blackthorne Irish Championship 2019"]
[Site "Talbot Stillorgan Hotel, Dublin, Ireland"]
[Date "2019.08.06"]
[Round "4"]
[Board "18"]
[White "O'Gorman, Alice"]
[Black "Moran, Darragh"]
[Result "0-1"]
[WhiteElo "1966"]
[BlackElo "1847"]
[PlyCount "0"]
[EventDate "2019.08.03"]
[EventRounds "9"]
[EventCountry "IRL"]

1. e4 {[%clk 01:45:50]} {[%emt 00:00:09]} e6 {[%clk 01:45:56]} {[%emt
00:00:05]} 2. d4 {[%clk 01:46:17]} {[%emt 00:00:03]} d5 {[%clk 01:46:22]}
{[%emt 00:00:05]} 3. exd5 {[%clk 01:46:44]} {[%emt 00:00:02]} exd5 {[%clk
01:46:45]} {[%emt 00:00:06]} 4. Bd3 {[%clk 01:47:07]} {[%emt 00:00:06]} Nf6
{[%clk 01:46:09]} {[%emt 00:01:06]} 5. Nf3 {[%clk 01:47:13]} {[%emt 00:00:24]}
c5 {[%clk 01:44:26]} {[%emt 00:02:13]} 6. dxc5 {[%clk 01:46:47]} {[%emt
00:00:56]} Bxc5 {[%clk 01:44:09]} {[%emt 00:00:48]} 7. O-O {[%clk 01:46:01]}
{[%emt 00:01:15]} O-O {[%clk 01:43:47]} {[%emt 00:00:53]} 8. Nc3 {[%clk
01:43:58]} {[%emt 00:02:33]} h6 {[%clk 01:40:29]} {[%emt 00:03:47]} 9. h3
{[%clk 01:41:18]} {[%emt 00:03:10]} Nc6 {[%clk 01:40:27]} {[%emt 00:00:33]} 10.
a3 {[%clk 01:39:48]} {[%emt 00:02:00]} a6 {[%clk 01:22:41]} {[%emt 00:18:16]}
11. b4 {[%clk 01:33:15]} {[%emt 00:07:02]} Ba7 {[%clk 01:19:37]} {[%emt
00:03:34]} 12. Bb2 {[%clk 01:33:22]} {[%emt 00:00:23]} Qd6 {[%clk 01:12:22]}
{[%emt 00:07:45]} 13. Ne2 {[%clk 01:31:02]} {[%emt 00:02:50]} Rd8 {[%clk
00:59:49]} {[%emt 00:13:04]} 14. Ned4 {[%clk 01:24:38]} {[%emt 00:06:54]} Bd7
{[%clk 00:55:45]} {[%emt 00:04:34]} 15. Nf5 {[%clk 01:19:58]} {[%emt 00:05:10]}
Bxf5 {[%clk 00:49:05]} {[%emt 00:07:10]} 16. Bxf5 {[%clk 01:20:22]} {[%emt
00:00:04]} Ne4 {[%clk 00:44:19]} {[%emt 00:05:17]} 17. Bxe4 {[%clk 01:01:40]}
{[%emt 00:19:12]} dxe4 {[%clk 00:44:41]} {[%emt 00:00:09]} 18. Qxd6 {[%clk
00:55:32]} {[%emt 00:06:39]} Rxd6 {[%clk 00:44:47]} {[%emt 00:00:24]} 19. Ne5
{[%clk 00:53:09]} {[%emt 00:02:52]} Rd2 {[%clk 00:30:46]} {[%emt 00:14:31]} 20.
Nxc6 {[%clk 00:48:32]} {[%emt 00:05:08]} bxc6 {[%clk 00:29:55]} {[%emt
00:01:21]} 21. Rac1 {[%clk 00:47:16]} {[%emt 00:01:45]} Rad8 {[%clk 00:24:52]}
{[%emt 00:05:34]} 22. Be5 {[%clk 00:37:07]} {[%emt 00:10:39]} R8d5 {[%clk
00:15:03]} {[%emt 00:10:19]} 23. Bf4 {[%clk 00:33:51]} {[%emt 00:03:46]} Re2
{[%clk 00:14:44]} {[%emt 00:00:49]} 24. c4 {[%clk 00:30:57]} {[%emt 00:03:24]}
Rd3 {[%clk 00:12:45]} {[%emt 00:02:29]} 25. c5 {[%clk 00:27:09]} {[%emt
00:04:18]} Rxa3 {[%clk 00:11:33]} {[%emt 00:01:41]} 26. Ra1 {[%clk 00:25:56]}
{[%emt 00:01:44]} Raa2 {[%clk 00:11:46]} {[%emt 00:00:17]} 27. Rfd1 {[%clk
00:24:22]} {[%emt 00:02:03]} a5 {[%clk 00:08:02]} {[%emt 00:04:15]} 28. Rxa2
{[%clk 00:04:17]} {[%emt 00:20:36]} Rxa2 {[%clk 00:08:20]} {[%emt 00:00:11]} 29.
b5 {[%clk 00:02:21]} {[%emt 00:02:26]} cxb5 {[%emt 00:06:04]} 30. c6 Bxf2+
{[%clk 00:02:48]} {[%emt 00:00:29]} 31. Kf1 {[%clk 00:02:25]} {[%emt 00:00:55]}
Bb6 {[%clk 00:03:11]} {[%emt 00:00:08]} 32. c7 {[%clk 00:02:18]} {[%emt
00:00:37]} Rf2+ {[%clk 00:02:44]} {[%emt 00:00:57]} 33. Ke1 {[%clk 00:02:41]}
{[%emt 00:00:07]} Bxc7 {[%clk 00:02:57]} {[%emt 00:00:18]} 34. Bxc7 {[%clk
00:03:10]} Ra2 {[%clk 00:03:25]} {[%emt 00:00:03]} 35. Rd5 {[%clk 00:02:53]}
{[%emt 00:00:47]} Rxg2 {[%clk 00:02:21]} {[%emt 00:01:33]} 36. Bxa5 {[%clk
00:03:15]} {[%emt 00:00:07]} Rh2 {[%clk 00:02:00]} {[%emt 00:00:51]} 37. Rh5
{[%clk 00:02:49]} {[%emt 00:00:56]} Kh7 {[%clk 00:01:51]} {[%emt 00:00:39]} 38.
Bd2 {[%clk 00:03:13]} {[%emt 00:00:06]} Rxd2 {[%clk 00:01:14]} {[%emt
00:01:08]} 39. Kxd2 {[%clk 00:03:39]} {[%emt 00:00:04]} g5 {[%clk 00:01:40]}
{[%emt 00:00:04]}  0-1

[Event "The Blackthorne Irish Championship 2019"]
[Site "Talbot Stillorgan Hotel, Dublin, Ireland"]
[Date "2019.08.07"]
[Round "5"]
[Board "5"]
[White "Baburin, Alexander"]
[Black "Delaney, Killian"]
[Result "1-0"]
[WhiteElo "2432"]
[BlackElo "2247"]
[PlyCount "0"]
[EventDate "2019.08.03"]
[EventRounds "9"]
[EventCountry "IRL"]

1. d4 {[%clk 01:45:33]} {[%emt 00:00:27]} Nf6 {[%clk 01:44:54]} {[%emt
00:01:07]} 2. Nf3 {[%clk 01:45:56]} {[%emt 00:00:05]} g6 {[%clk 01:45:10]}
{[%emt 00:00:14]} 3. g3 {[%clk 01:45:43]} {[%emt 00:00:43]} Bg7 {[%clk
01:45:32]} {[%emt 00:00:08]} 4. Bg2 {[%clk 01:46:10]} {[%emt 00:00:04]} O-O
{[%clk 01:45:51]} {[%emt 00:00:11]} 5. O-O {[%clk 01:46:27]} {[%emt 00:00:13]}
d6 {[%clk 01:45:58]} {[%emt 00:00:23]} 6. c4 {[%clk 01:46:31]} {[%emt
00:00:26]} Nc6 {[%clk 01:46:18]} {[%emt 00:00:10]} 7. Nc3 {[%clk 01:46:25]}
{[%emt 00:00:37]} e5 {[%clk 01:46:23]} {[%emt 00:00:24]} 8. dxe5 {[%clk
01:43:17]} {[%emt 00:03:38]} dxe5 {[%clk 01:46:12]} {[%emt 00:00:40]} 9. Qxd8
{[%clk 01:40:42]} {[%emt 00:03:05]} Rxd8 {[%clk 01:45:11]} {[%emt 00:01:32]} 10.
Bg5 {[%clk 01:40:58]} {[%emt 00:00:13]} Be6 {[%clk 01:44:49]} {[%emt 00:00:52]}
11. Nd2 {[%clk 01:24:20]} {[%emt 00:17:09]} h6 {[%clk 01:45:03]} {[%emt
00:00:15]} 12. Bxf6 {[%clk 01:24:37]} {[%emt 00:00:13]} Bxf6 {[%clk 01:45:26]}
{[%emt 00:00:06]} 13. Nde4 {[%clk 01:23:49]} {[%emt 00:01:19]} Be7 {[%clk
01:45:29]} {[%emt 00:00:26]} 14. Nd5 {[%clk 01:23:36]} {[%emt 00:00:44]} Bxd5
{[%clk 01:45:46]} {[%emt 00:00:12]} 15. cxd5 {[%clk 01:24:00]} {[%emt
00:00:06]} Nb4 {[%clk 01:46:11]} {[%emt 00:00:06]} 16. Nc3 {[%clk 01:24:06]}
{[%emt 00:00:24]} c6 {[%clk 01:46:31]} {[%emt 00:00:11]} 17. dxc6 {[%clk
01:24:20]} {[%emt 00:00:15]} Nxc6 {[%clk 01:46:54]} {[%emt 00:00:07]} 18. Rfd1
{[%clk 01:22:11]} {[%emt 00:02:39]} f5 {[%clk 01:33:31]} {[%emt 00:13:53]} 19.
Nd5 {[%clk 01:04:45]} {[%emt 00:17:55]} Kf7 {[%clk 01:33:15]} {[%emt 00:00:46]}
20. Nxe7 {[%clk 00:55:12]} {[%emt 00:10:04]} Kxe7 {[%clk 01:33:26]} {[%emt
00:00:18]} 21. Bxc6 {[%clk 00:55:07]} {[%emt 00:00:35]} Rxd1+ {[%clk 01:32:03]}
{[%emt 00:01:53]} 22. Rxd1 {[%clk 00:55:29]} {[%emt 00:00:09]} bxc6 {[%clk
01:32:28]} {[%emt 00:00:05]} 23. e3 {[%clk 00:54:07]} {[%emt 00:01:52]} Rb8
{[%clk 01:30:09]} {[%emt 00:02:50]} 24. Rd2 {[%clk 00:53:17]} {[%emt 00:01:19]}
Rb5 {[%clk 01:20:21]} {[%emt 00:10:18]} 25. h4 {[%clk 00:44:48]} {[%emt
00:08:58]} g5 {[%clk 01:15:32]} {[%emt 00:05:19]} 26. hxg5 {[%clk 00:40:42]}
{[%emt 00:04:37]} hxg5 {[%clk 01:15:57]} {[%emt 00:00:05]} 27. g4 {[%clk
00:39:59]} {[%emt 00:01:13]} fxg4 {[%clk 00:59:29]} {[%emt 00:16:58]} 28. Kg2
{[%clk 00:38:39]} {[%emt 00:01:50]} Rb4 {[%clk 00:58:33]} {[%emt 00:01:27]} 29.
Kg3 {[%clk 00:34:56]} {[%emt 00:04:13]} a5 {[%clk 00:58:38]} {[%emt 00:00:26]}
30. Rc2 {[%clk 00:23:55]} {[%emt 00:11:30]} Kd6 {[%clk 00:59:00]} {[%emt
00:00:08]} 31. a3 {[%clk 00:24:14]} {[%emt 00:00:11]} Ra4 {[%clk 00:57:18]}
{[%emt 00:02:12]} 32. Rd2+ {[%clk 00:20:37]} {[%emt 00:04:08]} Kc7 {[%clk
00:54:37]} {[%emt 00:03:11]} 33. Re2 {[%clk 00:10:35]} {[%emt 00:10:32]} Re4
{[%clk 00:54:47]} {[%emt 00:00:20]} 34. Rc2 {[%clk 00:10:41]} {[%emt 00:00:25]}
Ra4 {[%clk 00:53:29]} {[%emt 00:01:47]} 35. Rc1 {[%clk 00:10:30]} {[%emt
00:00:41]} Kb6 {[%clk 00:53:34]} {[%emt 00:00:25]} 36. Rh1 {[%clk 00:08:40]}
{[%emt 00:02:20]} Re4 {[%clk 00:52:09]} {[%emt 00:01:55]} 37. Rh5 {[%clk
00:07:39]} {[%emt 00:01:30]} Kb5 {[%clk 00:41:03]} {[%emt 00:11:36]} 38. Rxg5
{[%clk 00:06:55]} {[%emt 00:01:14]} Kc4 {[%clk 00:40:42]} {[%emt 00:00:51]} 39.
Rxg4 {[%clk 00:06:11]} {[%emt 00:01:14]} Rxg4+ {[%clk 00:41:07]} {[%emt
00:00:05]} 40. Kxg4 {[%clk 00:06:33]} {[%emt 00:00:08]} Kb3 {[%clk 00:41:35]}
{[%emt 00:00:02]} 41. f4 {[%clk 00:02:06]} {[%emt 00:04:57]} exf4 {[%clk
00:41:58]} {[%emt 00:00:07]} 42. exf4 {[%clk 00:25:31]} {[%emt 00:07:05]} Kxb2
{[%clk 01:12:00]} {[%emt 00:00:28]} 43. f5 {[%clk 00:21:01]} {[%emt 00:05:00]}
c5 {[%clk 01:12:23]} {[%emt 00:00:07]} 44. f6 {[%clk 00:21:27]} {[%emt
00:00:05]} c4 {[%clk 01:12:49]} {[%emt 00:00:04]} 45. f7 {[%clk 00:21:54]}
{[%emt 00:00:03]} c3 {[%clk 01:13:15]} {[%emt 00:00:03]} 46. f8=Q {[%clk
00:22:15]} {[%emt 00:00:09]} c2 {[%clk 01:13:42]} {[%emt 00:00:03]} 47. Qf6+
{[%clk 00:20:38]} {[%emt 00:02:07]} Kb1 {[%clk 01:12:30]} {[%emt 00:01:42]} 48.
Qb6+ {[%clk 00:20:46]} {[%emt 00:00:22]} Ka1 {[%clk 01:12:43]} {[%emt
00:00:16]} 49. Qc5 {[%clk 00:20:38]} {[%emt 00:00:39]} a4 {[%clk 01:13:03]}
{[%emt 00:00:09]} 50. Kf3 {[%clk 00:18:49]} {[%emt 00:02:20]} Kb1 {[%clk
01:10:49]} {[%emt 00:02:43]} 51. Qb4+ {[%clk 00:18:08]} {[%emt 00:01:12]} Ka2
{[%clk 01:10:27]} {[%emt 00:00:50]} 52. Qc4+ {[%clk 00:17:10]} {[%emt
00:01:30]} Kb2 {[%clk 01:10:32]} {[%emt 00:00:24]} 53. Qxa4 {[%clk 00:13:01]}
{[%emt 00:04:40]} c1=Q {[%clk 01:10:48]} {[%emt 00:00:15]} 54. Qb4+ {[%clk
00:13:23]} {[%emt 00:00:07]} Ka2 {[%clk 01:09:48]} {[%emt 00:01:29]} 55. a4
{[%clk 00:13:20]} {[%emt 00:00:34]} Qh1+ {[%clk 01:06:55]} {[%emt 00:03:22]} 56.
Kg3 {[%clk 00:11:26]} {[%emt 00:02:24]} Qg1+ {[%clk 01:07:18]} {[%emt
00:00:08]} 57. Kh4 {[%clk 00:11:20]} {[%emt 00:00:38]} Qh2+ {[%clk 01:02:37]}
{[%emt 00:05:08]} 58. Kg5 {[%clk 00:11:19]} {[%emt 00:00:32]} Qe5+ {[%clk
01:00:41]} {[%emt 00:02:26]} 59. Kg6 {[%clk 00:10:48]} {[%emt 00:01:01]} Qe6+
{[%clk 01:00:52]} {[%emt 00:00:18]} 60. Kg7 {[%clk 00:11:02]} {[%emt 00:00:15]}
Qe5+ {[%clk 00:59:23]} {[%emt 00:02:00]} 61. Kf7 {[%clk 00:11:09]} {[%emt
00:00:23]} Qc7+ {[%clk 00:59:28]} {[%emt 00:00:25]} 62. Ke6 {[%clk 00:10:04]}
{[%emt 00:01:35]} Qc6+ {[%clk 00:59:42]} {[%emt 00:00:16]} 63. Ke5 {[%clk
00:09:05]} {[%emt 00:01:30]} Qe8+ {[%clk 00:58:57]} {[%emt 00:01:14]} 64. Kf4
{[%clk 00:07:20]} {[%emt 00:02:15]} Qf7+ {[%clk 00:57:32]} {[%emt 00:01:55]} 65.
Ke3 {[%clk 00:07:32]} {[%emt 00:00:18]} Qe6+ {[%clk 00:57:43]} {[%emt
00:00:18]} 66. Qe4 {[%clk 00:07:02]} {[%emt 00:01:00]} Qb6+ {[%clk 00:55:44]}
{[%emt 00:02:29]} 67. Qd4 {[%clk 00:06:25]} {[%emt 00:01:07]} Qh6+ {[%clk
00:53:02]} {[%emt 00:03:11]} 68. Kd3 {[%clk 00:04:44]} {[%emt 00:02:12]} Ka3
{[%clk 00:52:14]} {[%emt 00:01:18]} 69. a5 {[%clk 00:04:36]} {[%emt 00:00:38]}
Qa6 {[%clk 00:52:23]} {[%emt 00:00:20]} 70. Kc2 {[%clk 00:04:26]} {[%emt
00:00:40]} Qxa5 {[%clk 00:52:44]} {[%emt 00:00:10]} 71. Qb2+ {[%clk 00:04:21]}
{[%emt 00:00:35]}  1-0

[Event "The Blackthorne Irish Championship 2019"]
[Site "Talbot Stillorgan Hotel, Dublin, Ireland"]
[Date "2019.08.07"]
[Round "5"]
[Board "8"]
[White "Daly, Colm"]
[Black "Murray, David"]
[Result "1-0"]
[WhiteElo "2213"]
[BlackElo "2126"]
[PlyCount "0"]
[EventDate "2019.08.03"]
[EventRounds "9"]
[EventCountry "IRL"]

1. Nf3 {[%clk 01:39:06]} {[%emt 00:06:53]} Nf6 {[%clk 01:45:51]} {[%emt
00:00:10]} 2. c4 {[%clk 01:35:53]} {[%emt 00:03:43]} g6 {[%clk 01:46:08]}
{[%emt 00:00:13]} 3. b4 {[%clk 01:30:21]} {[%emt 00:06:02]} Bg7 {[%clk
01:43:47]} {[%emt 00:02:51]} 4. Bb2 {[%clk 01:28:47]} {[%emt 00:02:03]} O-O
{[%clk 01:43:29]} {[%emt 00:00:48]} 5. e3 {[%clk 01:27:31]} {[%emt 00:01:46]}
c6 {[%clk 01:42:16]} {[%emt 00:01:44]} 6. d3 {[%clk 01:23:18]} {[%emt
00:04:42]} d5 {[%clk 01:41:27]} {[%emt 00:01:19]} 7. Nbd2 {[%clk 01:23:32]}
{[%emt 00:00:15]} a5 {[%clk 01:38:57]} {[%emt 00:03:02]} 8. a3 {[%clk
01:23:13]} {[%emt 00:00:49]} Bf5 {[%clk 01:35:58]} {[%emt 00:03:29]} 9. Be2
{[%clk 01:23:00]} {[%emt 00:00:43]} axb4 {[%clk 01:33:44]} {[%emt 00:02:44]} 10.
axb4 {[%clk 01:23:23]} {[%emt 00:00:06]} Rxa1 {[%clk 01:34:03]} {[%emt
00:00:11]} 11. Qxa1 {[%clk 01:19:12]} {[%emt 00:04:41]} dxc4 {[%clk 01:28:49]}
{[%emt 00:05:44]} 12. dxc4 {[%clk 01:18:13]} {[%emt 00:01:28]} Na6 {[%clk
01:27:03]} {[%emt 00:02:16]} 13. Qa3 {[%clk 01:09:39]} {[%emt 00:09:04]} c5
{[%clk 01:18:47]} {[%emt 00:08:46]} 14. bxc5 {[%clk 01:00:41]} {[%emt
00:09:28]} Qc7 {[%clk 01:16:53]} {[%emt 00:02:24]} 15. Nb3 {[%clk 00:54:48]}
{[%emt 00:06:23]} Ne4 {[%clk 01:08:48]} {[%emt 00:08:35]} 16. Bxg7 {[%clk
00:54:41]} {[%emt 00:00:37]} Kxg7 {[%clk 01:09:08]} {[%emt 00:00:10]} 17. c6
{[%clk 00:52:57]} {[%emt 00:02:14]} Qxc6 {[%clk 01:06:31]} {[%emt 00:03:08]} 18.
Qxe7 {[%clk 00:44:26]} {[%emt 00:09:01]} Qa4 {[%clk 00:58:35]} {[%emt
00:08:26]} 19. Qe5+ {[%clk 00:43:16]} {[%emt 00:01:40]} f6 {[%clk 00:56:43]}
{[%emt 00:02:22]} 20. Qb2 {[%clk 00:43:33]} {[%emt 00:00:13]} Qb4+ {[%clk
00:54:46]} {[%emt 00:02:28]} 21. Kf1 {[%clk 00:43:53]} {[%emt 00:00:08]} Nac5
{[%clk 00:53:30]} {[%emt 00:01:47]} 22. Bd1 {[%clk 00:37:29]} {[%emt 00:06:54]}
Qxc4+ {[%clk 00:46:51]} {[%emt 00:07:09]} 23. Kg1 {[%clk 00:37:52]} {[%emt
00:00:06]} Nd3 {[%clk 00:45:09]} {[%emt 00:02:13]} 24. Qe2 {[%clk 00:35:35]}
{[%emt 00:02:46]} Nexf2 {[%clk 00:36:30]} {[%emt 00:09:09]} 25. Nfd4 {[%clk
00:25:31]} {[%emt 00:10:33]} Bg4 {[%clk 00:32:16]} {[%emt 00:04:44]} 26. Qc2
{[%clk 00:25:46]} {[%emt 00:00:13]} Rc8 {[%clk 00:27:28]} {[%emt 00:05:21]} 27.
Qxc4 {[%clk 00:22:07]} {[%emt 00:04:09]} Rxc4 {[%clk 00:27:42]} {[%emt
00:00:17]} 28. Bc2 {[%clk 00:19:27]} {[%emt 00:03:09]} Rc3 {[%clk 00:22:36]}
{[%emt 00:05:35]} 29. Bxd3 {[%clk 00:19:24]} {[%emt 00:00:33]} Nxd3 {[%clk
00:22:53]} {[%emt 00:00:14]} 30. h3 {[%clk 00:18:24]} {[%emt 00:01:29]} Bd1
{[%clk 00:17:47]} {[%emt 00:05:36]} 31. Nd2 {[%clk 00:18:15]} {[%emt 00:00:39]}
Ba4 {[%clk 00:13:04]} {[%emt 00:05:14]} 32. Kh2 {[%clk 00:17:48]} {[%emt
00:00:55]} b5 {[%clk 00:13:04]} {[%emt 00:00:31]} 33. Ne4 {[%clk 00:12:21]}
{[%emt 00:05:57]} Rc8 {[%clk 00:12:29]} {[%emt 00:01:06]} 34. Ne6+ {[%clk
00:09:48]} {[%emt 00:03:02]} Kg8 {[%clk 00:12:27]} {[%emt 00:00:33]} 35. Nd4
{[%clk 00:07:41]} {[%emt 00:02:37]} f5 {[%clk 00:11:45]} {[%emt 00:01:12]} 36.
Nd6 {[%clk 00:08:05]} {[%emt 00:00:06]} Rc5 {[%clk 00:10:50]} {[%emt 00:01:25]}
37. Rb1 {[%clk 00:05:17]} {[%emt 00:03:18]} b4 {[%clk 00:07:37]} {[%emt
00:03:43]} 38. Ra1 {[%clk 00:05:06]} {[%emt 00:00:40]} Bc6 {[%clk 00:06:51]}
{[%emt 00:01:17]} 39. Ra7 {[%clk 00:03:10]} {[%emt 00:02:26]} Bd5 {[%clk
00:05:34]} {[%emt 00:01:47]} 40. Ne8 {[%clk 00:03:39]} {[%emt 00:00:02]} Kf8
{[%clk 00:01:10]} {[%emt 00:04:53]} 41. Nf6 {[%clk 00:03:22]} {[%emt 00:00:46]}
b3 {[%clk 00:23:04]} {[%emt 00:08:37]} 42. Nd7+ {[%clk 00:23:52]} {[%emt
00:09:59]} Ke8 {[%clk 00:22:01]} {[%emt 00:01:33]} 43. Nxb3 {[%clk 00:10:52]}
{[%emt 00:13:30]} Bxb3 {[%clk 00:21:29]} {[%emt 00:01:03]} 44. Nxc5 {[%clk
00:11:15]} {[%emt 00:00:07]} Nxc5 {[%clk 00:21:45]} {[%emt 00:00:14]} 45. Rxh7
{[%clk 00:11:12]} {[%emt 00:00:33]} Bf7 {[%clk 00:21:29]} {[%emt 00:00:46]} 46.
Rh8+ {[%clk 00:09:33]} {[%emt 00:02:09]} Ke7 {[%clk 00:21:48]} {[%emt
00:00:11]} 47. Ra8 {[%clk 00:08:05]} {[%emt 00:01:57]} Kf6 {[%clk 00:20:32]}
{[%emt 00:01:46]} 48. Ra7 {[%clk 00:08:13]} {[%emt 00:00:22]} Ne4 {[%clk
00:19:57]} {[%emt 00:01:06]} 49. Ra6+ {[%clk 00:07:28]} {[%emt 00:01:15]} Ke5
{[%clk 00:19:11]} {[%emt 00:01:15]} 50. Ra5+ {[%clk 00:07:51]} {[%emt
00:00:08]} Bd5 {[%clk 00:18:55]} {[%emt 00:00:46]} 51. Kg1 {[%clk 00:07:12]}
{[%emt 00:01:09]} Nc3 {[%clk 00:17:16]} {[%emt 00:02:09]} 52. Ra6 {[%clk
00:06:45]} {[%emt 00:00:56]} Be6 {[%clk 00:16:42]} {[%emt 00:01:05]} 53. Ra3
{[%clk 00:06:38]} {[%emt 00:00:36]} Nd5 {[%clk 00:15:53]} {[%emt 00:01:21]} 54.
Kf2 {[%clk 00:06:54]} {[%emt 00:00:12]} Nf6 {[%clk 00:13:52]} {[%emt 00:02:33]}
55. Ra5+ {[%clk 00:07:13]} {[%emt 00:00:11]} Bd5 {[%clk 00:14:02]} {[%emt
00:00:19]} 56. Ra7 {[%clk 00:07:04]} {[%emt 00:00:39]} Ne4+ {[%clk 00:13:35]}
{[%emt 00:00:58]} 57. Kg1 {[%clk 00:07:12]} {[%emt 00:00:22]} Ng5 {[%clk
00:13:10]} {[%emt 00:00:55]} 58. Re7+ {[%clk 00:07:19]} {[%emt 00:00:22]} Ne6
{[%clk 00:12:59]} {[%emt 00:00:42]} 59. Kf2 {[%clk 00:07:36]} {[%emt 00:00:12]}
Bc6 {[%clk 00:12:41]} {[%emt 00:00:49]} 60. Ra7 {[%clk 00:07:40]} {[%emt
00:00:26]} Nc5 {[%clk 00:12:02]} {[%emt 00:01:09]} 61. Re7+ {[%clk 00:07:51]}
{[%emt 00:00:18]} Kf6 {[%clk 00:12:13]} {[%emt 00:00:19]} 62. Ra7 {[%clk
00:08:03]} {[%emt 00:00:17]} Ne6 {[%clk 00:11:58]} {[%emt 00:00:45]} 63. Ra6
{[%clk 00:08:16]} {[%emt 00:00:16]} Bd5 {[%clk 00:12:20]} {[%emt 00:00:10]} 64.
Rb6 {[%clk 00:08:32]} {[%emt 00:00:13]} Ke5 {[%clk 00:12:32]} {[%emt 00:00:19]}
65. Rb8 {[%clk 00:07:42]} {[%emt 00:01:19]} Be4 {[%clk 00:11:39]} {[%emt
00:01:24]} 66. Rb5+ {[%clk 00:08:00]} {[%emt 00:00:12]} Kf6 {[%clk 00:11:37]}
{[%emt 00:00:32]} 67. Rb6 {[%clk 00:08:26]} {[%emt 00:00:03]} Bd5 {[%clk
00:11:44]} {[%emt 00:00:23]} 68. Rb5 {[%clk 00:08:06]} {[%emt 00:00:50]} Ke5
{[%clk 00:12:03]} {[%emt 00:00:13]} 69. Rb8 {[%clk 00:08:26]} {[%emt 00:00:09]}
g5 {[%clk 00:09:01]} {[%emt 00:03:32]} 70. Re8 {[%clk 00:08:33]} {[%emt
00:00:22]} Kf6 {[%clk 00:08:59]} {[%emt 00:00:33]} 71. Rh8 {[%clk 00:07:25]}
{[%emt 00:01:37]} Kg7 {[%clk 00:08:31]} {[%emt 00:00:59]} 72. Rb8 {[%clk
00:07:36]} {[%emt 00:00:18]} Be4 {[%clk 00:07:39]} {[%emt 00:01:23]} 73. Rb5
{[%clk 00:07:35]} {[%emt 00:00:31]} Kf6 {[%clk 00:07:46]} {[%emt 00:00:24]} 74.
Rb6 {[%clk 00:08:03]} {[%emt 00:00:01]} Bc2 {[%clk 00:07:42]} {[%emt 00:00:33]}
75. Rc6 {[%clk 00:08:22]} {[%emt 00:00:11]} Ba4 {[%clk 00:07:55]} {[%emt
00:00:18]} 76. Ra6 {[%clk 00:08:44]} {[%emt 00:00:08]} Be8 {[%clk 00:08:05]}
{[%emt 00:00:19]} 77. Ra8 {[%clk 00:09:06]} {[%emt 00:00:07]} Bf7 {[%clk
00:08:22]} {[%emt 00:00:15]} 78. Ra6 {[%clk 00:09:30]} {[%emt 00:00:05]} Bh5
{[%clk 00:07:32]} {[%emt 00:01:20]} 79. Rb6 {[%clk 00:09:42]} {[%emt 00:00:17]}
Ke7 {[%clk 00:07:16]} {[%emt 00:00:47]} 80. Rb7+ {[%clk 00:09:52]} {[%emt
00:00:19]} Kf6 {[%clk 00:07:42]} {[%emt 00:00:05]} 81. Rb6 {[%clk 00:10:17]}
{[%emt 00:00:05]} Be8 {[%clk 00:07:50]} {[%emt 00:00:21]} 82. Rb8 {[%clk
00:10:34]} {[%emt 00:00:13]} Bd7 {[%clk 00:07:45]} {[%emt 00:00:36]} 83. Rb7
{[%clk 00:10:32]} {[%emt 00:00:32]} Nc5 {[%clk 00:07:44]} {[%emt 00:00:31]} 84.
Rc7 {[%clk 00:10:38]} {[%emt 00:00:23]} Ne4+ {[%clk 00:08:00]} {[%emt
00:00:14]} 85. Ke1 {[%clk 00:10:21]} {[%emt 00:00:46]} Be6 {[%clk 00:08:11]}
{[%emt 00:00:20]} 86. Ra7 {[%clk 00:10:30]} {[%emt 00:00:21]} Bd5 {[%clk
00:08:01]} {[%emt 00:00:41]} 87. Rc7 {[%clk 00:10:06]} {[%emt 00:00:53]} Ke5
{[%clk 00:06:42]} {[%emt 00:01:49]} 88. Re7+ {[%clk 00:10:24]} {[%emt
00:00:12]} Kd6 {[%clk 00:06:56]} {[%emt 00:00:17]} 89. Rg7 {[%clk 00:10:42]}
{[%emt 00:00:11]} Kc5 {[%clk 00:06:54]} {[%emt 00:00:33]} 90. g3 {[%clk
00:10:38]} {[%emt 00:00:33]} Kd6 {[%clk 00:03:40]} {[%emt 00:03:45]} 91. h4
{[%clk 00:10:58]} {[%emt 00:00:08]} gxh4 {[%clk 00:03:03]} {[%emt 00:01:09]} 92.
gxh4 {[%clk 00:11:22]} {[%emt 00:00:05]} Nf6 {[%clk 00:02:53]} {[%emt
00:00:41]} 93. Rg5 {[%clk 00:10:36]} {[%emt 00:01:15]} Ke5 {[%clk 00:01:46]}
{[%emt 00:01:38]} 94. h5 {[%clk 00:10:51]} {[%emt 00:00:14]} Ng4 {[%clk
00:02:03]} {[%emt 00:00:14]} 95. Rg7 {[%clk 00:08:05]} {[%emt 00:03:15]} Kf6
{[%clk 00:01:53]} {[%emt 00:00:41]} 96. Rg6+ {[%clk 00:08:15]} {[%emt
00:00:20]} Kf7 {[%clk 00:01:28]} {[%emt 00:00:56]} 97. Ke2 {[%clk 00:03:46]}
{[%emt 00:04:57]} Bc4+ {[%clk 00:01:46]} {[%emt 00:00:13]} 98. Kd2 {[%clk
00:03:51]} {[%emt 00:00:24]} Be6 {[%clk 00:01:27]} {[%emt 00:00:50]} 99. Ke2
{[%clk 00:03:14]} {[%emt 00:01:05]} Bc4+ {[%clk 00:01:51]} {[%emt 00:00:08]}
100. Kd2 {[%clk 00:03:37]} {[%emt 00:00:07]} Be6 {[%clk 00:01:01]} {[%emt
00:01:19]} 101. Ke2 {[%clk 00:02:48]} {[%emt 00:01:19]} Nf6 {[%clk 00:00:46]}
{[%emt 00:00:46]} 102. Rg5 {[%clk 00:02:36]} {[%emt 00:00:39]} Ne4 {[%clk
00:01:01]} {[%emt 00:00:16]} 103. Rg1 {[%clk 00:02:26]} {[%emt 00:00:39]} Kf6
{[%clk 00:00:45]} {[%emt 00:00:48]} 104. h6 {[%clk 00:02:12]} {[%emt 00:00:43]}
Bc4+ {[%clk 00:00:48]} {[%emt 00:00:28]} 105. Ke1 {[%clk 00:02:14]} {[%emt
00:00:27]} f4 {[%clk 00:00:38]} {[%emt 00:00:41]} 106. h7 {[%clk 00:02:16]}
{[%emt 00:00:28]} f3 {[%clk 00:00:53]} {[%emt 00:00:15]} 107. h8=Q+ {[%clk
00:02:37]} {[%emt 00:00:09]} Kf5 {[%clk 00:01:05]} {[%emt 00:00:18]} 108. Qh5+
{[%clk 00:02:54]} {[%emt 00:00:12]}  1-0